| 000 | 01556cam a22001814a 4500 | ||
|---|---|---|---|
| 005 | 20250605164356.0 | ||
| 008 | 250528s ||||||||||||||||||||||||d | ||
| 035 | _a24319 | ||
| 040 |
_aGR-AtMCL _bgre _dGR-AtMCL _eAACR2 |
||
| 245 | 1 | _a'Ανάσα' στις Επιχειρήσεις από Περιφέρεια Αττικής και Ε.Β.Ε.Α. / Τα Μυστικά και οι Παγίδες των Νέων Εισφορών | |
| 260 |
_bΕμπορικό Και Βιομηχανικό Επιμελητήριο Αθηνών, _c2017 |
||
| 300 | _a64 | ||
| 520 | _aΕνεργειακή Ένωση της Ευρώπης - Πρόοδος και Προοπτικές για την Επίτευξη Ενεργειακής Ασφάλειας, Συμφωνία εώς τις Αρχές Μαρτίου ή Αδιέξοδο, Τα Μυστικά και οι Παγίδες των Νέων Εισφορών, Στη Δίνη της Οικονομικής Κρίσης Επιχειρήσεις και Νοικοκυριά, Εμπορικά Καταστήματα: Ο 'Κανόνας των Οκτώ' στη Λειτουργία τις Κυριακές, Ορθολογική Κατανομή και Αύξηση Κονδυλίων στον Νέο Αναπτυξιακό για τη Μέγιστη Επίδοση, Ποιές Συναλλαγές με Πλαστικό Χρήμα Μετρούν για το Χτίσιμο Αφορολόγητου. | ||
| 700 | 1 |
_aΜίχαλος Κωνσταντίνος _94319 |
|
| 942 | _cCR | ||
| 999 |
_c9208 _d9208 |
||